00797 a2200193 4500020001500000040001300015082001200028100001600040245004900056250001200105260006400117300003500181500001900216650003400235942002500269999001500294952014600309952014800455 a8178081334 aDLCbDLC a005.133 a Kelley, Al aA book on C : programming in ChAl, Kelley. a4th ed. aRedwood City, Calif. :bBenjamin Cummings Pub. Co.,cc1995. axix, 636 p. :b ill. ;c24 cm. aIncludes Index aC (Computer program language) cBKk005.133 KEL2ddc c5987d5987 001040708NFICaCLbCLcSEd2005-05-05eAllied Book Companyg292.50l7m3o005.133 KELpSEECS005629r2026-02-06s2023-12-05w2017-01-05yBK 001040708NFICaCLbCLcSEd2004-03-26eAcademic Book Companyg708.11l4m4o005.133 KELpSEECS004275r2022-10-25s2022-08-28w2017-01-05yBK